[Event "Seville op 47th"]
[Site "Seville"]
[Date "2022.07.20"]
[Round "6"]
[White "Morales Araujo, Francisco Javier"]
[Black "Gemy Vargas, Jose Daniel"]
[Result "0-1"]
[WhiteElo "2068"]
[BlackElo "2373"]
[PlyCount "62"]
[EventDate "2022.07.16"]
[EventType "swiss"]
[EventRounds "9"]
[EventCountry "ESP"]
[SourceTitle "CBM 209 Extra"]
[Source "ChessBase"]
[SourceDate "2022.09.30"]
[SourceVersion "1"]
[SourceVersionDate "2022.09.30"]
[SourceQuality "1"]

1. d4 Nf6 2. c4 e6 3. Nc3 Bb4 4. e3 c5 5. Bd3 0-0 6. Nge2 d5 7. cxd5 Nxd5 8. 0-0 cxd4 9. Nxd5 Qxd5 10. Nxd4 Rd8 11. Qe2 Nc6 12. Nxc6 bxc6 13. Bc4 Qa5 14. a3 Bd6 15. f4 Qb6 16. b4 a5 17. bxa5 Rxa5 18. Bb2 Bc5 19. Rab1 Bxe3+ 20. Kh1 Qa7 21. Rfd1 Re8 22. Qg4 e5 23. Qh4 Bd4 24. fxe5 Bxb2 25. Rd8 Raxe5 26. Rxb2 Qxa3 27. Bxf7+ Kxf7 28. Qc4+ Be6 29. Rf2+ Kg6 30. Qc2+ Kh6 31. Qd2+ Qe3 0-1

[Event "Seville op 45th"]
[Site "Seville"]
[Date "2020.01.18"]
[Round "9"]
[White "Morales Araujo, Francisco Javier"]
[Black "Bernadskiy, Vitaliy"]
[Result "0-1"]
[WhiteElo "2103"]
[BlackElo "2588"]
[PlyCount "100"]
[EventDate "2020.01.10"]
[EventType "swiss"]
[EventRounds "9"]
[EventCountry "ESP"]
[SourceTitle "CBM 194 Extra"]
[Source "ChessBase"]
[SourceDate "2020.03.31"]
[SourceVersion "1"]
[SourceVersionDate "2020.03.31"]
[SourceQuality "1"]

1. f4 b6 2. Nf3 Bb7 3. e3 g6 4. d4 Bg7 5. Bd3 Nf6 6. 0-0 0-0 7. Qe2 c5 8. c3 Ne4 9. Nbd2 d5 10. Ng5 Nxg5 11. fxg5 e5 12. dxe5 Qxg5 13. Nf3 Qe7 14. e4 c4 15. Bc2 Nd7 16. Bg5 Qe6 17. Rae1 Nxe5 18. Nxe5 Qxe5 19. Bf4 Qe6 20. e5 Rae8 21. Qd2 f6 22. exf6 Qxf6 23. Be5 Qe7 24. Bd4 Bxd4+ 25. cxd4 Rxf1+ 26. Rxf1 Ba6 27. Rf3 Qe1+ 28. Qxe1 Rxe1+ 29. Kf2 Rc1 30. Rc3 Kg7 31. Ba4 Rb1 32. Bc6 Rxb2+ 33. Kg3 Bc8 34. Bxd5 b5 35. Re3 Kf6 36. Re8 Bd7 37. Rh8 Ke7 38. Rxh7+ Kd6 39. Be4 c3 40. Rh6 c2 41. Rxg6+ Be6 42. Bxc2 Rxc2 43. h4 Rc8 44. h5 a5 45. h6 Rg8 46. Rxg8 Bxg8 47. Kf4 b4 48. Ke3 a4 49. Kd2 Bh7 50. a3 bxa3 0-1

[Event "Andalucia-chA"]
[Site "Algeciras"]
[Date "2018.05.19"]
[Round "6"]
[White "Morales Araujo, Francisco Javier"]
[Black "Cuellar Montes, Alejandro"]
[Result "1/2-1/2"]
[WhiteElo "2129"]
[BlackElo "2087"]
[PlyCount "87"]
[EventDate "2018.05.12"]
[EventType "swiss"]
[EventRounds "8"]
[EventCountry "ESP"]
[SourceTitle "EXT 2020"]
[Source "ChessBase"]
[SourceDate "2019.10.17"]
[SourceVersion "1"]
[SourceVersionDate "2019.10.17"]
[SourceQuality "1"]

1. f4 d5 2. Nf3 g6 3. d4 Bg7 4. e3 c6 5. Bd3 Nd7 6. 0-0 Ngf6 7. b3 0-0 8. c4 e6 9. Nc3 b6 10. Ne5 Bb7 11. Ba3 Re8 12. Rc1 a6 13. cxd5 exd5 14. Na4 b5 15. Nc5 Nxc5 16. Bxc5 Nd7 17. Qf3 Nxc5 18. Rxc5 Rc8 19. f5 Bxe5 20. fxg6 fxg6 21. Qf7+ Kh8 22. Qxb7 Qc7 23. Qxc7 Bxc7 24. Re1 Bb6 25. Rcc1 c5 26. dxc5 Bxc5 27. Kf1 Rc7 28. Rc2 Rf7+ 29. Rf2 Rfe7 30. Rf6 Bxe3 31. Re2 Re6 32. Rxe6 Rxe6 33. Rc2 d4 34. g4 Rf6+ 35. Kg2 h5 36. gxh5 gxh5 37. a4 bxa4 38. bxa4 Kg7 39. Rc7+ Rf7 40. Rxf7+ Kxf7 41. Bxa6 Bd2 42. Kf3 Kg6 43. Ke4 Bc3 44. h3 1/2-1/2

[Event "ESP-ch 82nd"]
[Site "Las Palmas"]
[Date "2017.10.07"]
[Round "9"]
[White "Alshameary Puente, Ismael"]
[Black "Morales Araujo, Francisco Javier"]
[Result "0-1"]
[WhiteElo "2333"]
[BlackElo "2138"]
[PlyCount "132"]
[EventDate "2017.09.29"]
[EventType "swiss"]
[EventRounds "9"]
[EventCountry "ESP"]
[SourceTitle "CBM 181 Extra"]
[Source "ChessBase"]
[SourceDate "2017.12.12"]
[SourceVersion "1"]
[SourceVersionDate "2017.12.12"]
[SourceQuality "1"]

1. d4 f5 2. c4 Nf6 3. Nf3 g6 4. g3 Bg7 5. Bg2 0-0 6. 0-0 d6 7. Nc3 c6 8. b3 Qe8 9. Ba3 a5 10. Re1 Ne4 11. Nxe4 fxe4 12. Ng5 d5 13. f3 h6 14. Nh3 dxc4 15. fxe4 cxb3 16. Qxb3+ Qf7 17. e5 Qxb3 18. axb3 Rd8 19. e3 Be6 20. Nf4 Bxb3 21. Nxg6 e6 22. Reb1 a4 23. Be7 Na6 24. Bxd8 Rxd8 25. Nf4 Nc7 26. Bh3 c5 27. Rxb3 axb3 28. Bxe6+ Nxe6 29. Nxe6 c4 30. Rb1 Rc8 31. Nf4 Ra8 32. Kf2 Ra2+ 33. Kf3 Bf8 34. d5 Bb4 35. Ke4 Rd2 36. d6 c3 37. Rxb3 c2 38. Nd3 Rxd3 39. Kxd3 c1Q 40. Rxb4 Qd1+ 41. Kc4 Qc2+ 42. Kd5 Kf8 43. Rh4 Qb3+ 44. Ke4 Qe6 45. Rf4+ Ke8 46. Rf6 Qg4+ 47. Rf4 Qe6 48. Rf6 Qc4+ 49. Kf5 h5 50. e4 Qe2 51. e6 Qf3+ 52. Kg5 Qe3+ 53. Kxh5 Qc5+ 54. Kg6 Qxd6 55. Kf5 Qc5+ 56. Kg4 Qe5 57. Rf4 Qxe6+ 58. Kg5 Qe5+ 59. Kg6 b5 60. h4 Qc3 61. g4 b4 62. h5 Qe5 63. Rf5 Qxe4 64. g5 b3 65. h6 b2 66. h7 Qxf5+ 0-1

[Event "ESP-ch 82nd"]
[Site "Las Palmas"]
[Date "2017.10.05"]
[Round "7"]
[White "Suarez Uriel, Adrian"]
[Black "Morales Araujo, Francisco Javier"]
[Result "1-0"]
[WhiteElo "2406"]
[BlackElo "2138"]
[PlyCount "51"]
[EventDate "2017.09.29"]
[EventType "swiss"]
[EventRounds "9"]
[EventCountry "ESP"]
[SourceTitle "CBM 181 Extra"]
[Source "ChessBase"]
[SourceDate "2017.12.12"]
[SourceVersion "1"]
[SourceVersionDate "2017.12.12"]
[SourceQuality "1"]

1. e4 g6 2. d4 Bg7 3. Nc3 c6 4. Nf3 d5 5. h3 dxe4 6. Nxe4 Nd7 7. Bc4 Ngf6 8. Neg5 0-0 9. h4 Nb6 10. Bb3 Bg4 11. Nxf7 Qc7 12. N7e5+ Nbd5 13. c4 Bxf3 14. Qxf3 Nh5 15. Qe4 Ndf6 16. Qe2 Rad8 17. Be3 c5 18. 0-0-0 Ne4 19. Qc2 cxd4 20. c5+ e6 21. Bxd4 Rxd4 22. Bxe6+ Kh8 23. Rxd4 Nxf2 24. Re1 Bxe5 25. Rd7 Qxc5 26. Qxc5 1-0

[Event "ESP-ch rapid"]
[Site "Linares"]
[Date "2017.08.13"]
[Round "2"]
[White "Moreno Ruiz, Javier"]
[Black "Morales Araujo, Francisco Javier"]
[Result "1-0"]
[WhiteElo "2460"]
[BlackElo "2134"]
[PlyCount "41"]
[EventDate "2017.08.13"]
[EventType "swiss (rapid)"]
[EventRounds "9"]
[EventCountry "ESP"]
[SourceTitle "CBM 179 Extra"]
[Source "ChessBase"]
[SourceDate "2017.08.23"]
[SourceVersion "1"]
[SourceVersionDate "2017.08.23"]
[SourceQuality "1"]

1. d4 f5 2. Bg5 Nf6 3. Bxf6 exf6 4. e3 d5 5. c4 c6 6. Nc3 Be6 7. cxd5 cxd5 8. Nge2 Bd6 9. g3 0-0 10. Bg2 Bc7 11. Qb3 Nc6 12. Bxd5 Bxd5 13. Qxd5+ Qxd5 14. Nxd5 Ba5+ 15. Ndc3 Nb4 16. 0-0-0 Rac8 17. Kb1 a6 18. Nf4 b5 19. Ncd5 Nc6 20. Rc1 Rfe8 21. Rc5 1-0

[Event "Seville-ch"]
[Site "Seville"]
[Date "2017.03.18"]
[Round "8"]
[White "Morales Araujo, Francisco Javier"]
[Black "Ramos Vazquez, Jose Luis"]
[Result "1-0"]
[WhiteElo "2116"]
[BlackElo "1907"]
[PlyCount "71"]
[EventDate "2017.01.28"]
[EventType "swiss"]
[EventRounds "9"]
[EventCountry "ESP"]
[SourceTitle "EXT 2018"]
[Source "ChessBase"]
[SourceDate "2017.10.13"]
[SourceVersion "1"]
[SourceVersionDate "2017.10.13"]
[SourceQuality "1"]

1. f4 d5 2. Nf3 Nf6 3. g3 Bg4 4. Bg2 Bxf3 5. Bxf3 e6 6. c4 c6 7. d4 Nbd7 8. 0-0 Ne4 9. Bxe4 dxe4 10. f5 e5 11. Be3 exd4 12. Qxd4 Nf6 13. Qe5+ Qe7 14. Qf4 Qd6 15. Nc3 Qxf4 16. Rxf4 Bd6 17. Rh4 0-0 18. Nxe4 Nxe4 19. Rxe4 Rfe8 20. Rxe8+ Rxe8 21. Rd1 Bb8 22. Rd7 b6 23. Bd4 h6 24. Kf2 c5 25. Bc3 h5 26. Kf3 h4 27. gxh4 Bxh2 28. Rxa7 Rd8 29. Rb7 Rd6 30. e3 f6 31. Kg2 Be5 32. Bxe5 fxe5 33. Kf3 Rh6 34. Ke4 Rxh4+ 35. Kxe5 Rxc4 36. Rxb6 1-0

[Event "Seville op 40th"]
[Site "Seville"]
[Date "2015.01.29"]
[Round "6"]
[White "Silva Lucena, Cristian"]
[Black "Morales Araujo, Francisco Javier"]
[Result "1-0"]
[WhiteElo "2200"]
[BlackElo "2031"]
[PlyCount "79"]
[EventDate "2015.01.25"]
[EventType "swiss"]
[EventRounds "9"]
[EventCountry "ESP"]
[SourceTitle "CBM 164 Extra"]
[Source "ChessBase"]
[SourceDate "2015.03.02"]
[SourceVersion "1"]
[SourceVersionDate "2015.03.02"]
[SourceQuality "1"]

1. e4 g6 2. d4 Bg7 3. Nc3 c6 4. Be3 d5 5. Qd2 dxe4 6. Nxe4 Nd7 7. 0-0-0 Ngf6 8. Bd3 Nxe4 9. Bxe4 Nf6 10. Bf3 Be6 11. Kb1 Nd5 12. Ne2 Nxe3 13. fxe3 Qb6 14. Nf4 Bc4 15. Be2 Bxe2 16. Qxe2 0-0-0 17. Nd3 Rhe8 18. Qf3 f5 19. Qh3 h6 20. g4 e6 21. Rhg1 Rd6 22. c3 Kb8 23. Nc5 Qc7 24. Qf3 e5 25. gxf5 Rf8 26. Qg4 Rxf5 27. Rdf1 Rg5 28. Qe2 Rxg1 29. Rxg1 Qe7 30. Qc4 exd4 31. exd4 Rf6 32. a4 b6 33. Na6+ Kb7 34. Nb4 a5 35. Qa6+ Kc7 36. Nc2 c5 37. Re1 Qd7 38. Qa7+ Kc6 39. d5+ Qxd5 40. Qxg7 1-0

[Event "Seville op 40th"]
[Site "Seville"]
[Date "2015.01.26"]
[Round "3"]
[White "Morales Araujo, Francisco Javier"]
[Black "Galego, Luis"]
[Result "0-1"]
[WhiteElo "2031"]
[BlackElo "2461"]
[PlyCount "64"]
[EventDate "2015.01.25"]
[EventType "swiss"]
[EventRounds "9"]
[EventCountry "ESP"]
[SourceTitle "CBM 164 Extra"]
[Source "ChessBase"]
[SourceDate "2015.03.02"]
[SourceVersion "1"]
[SourceVersionDate "2015.03.02"]
[SourceQuality "1"]

1. f4 d5 2. Nf3 c5 3. g3 Nc6 4. Bg2 g6 5. c3 Bg7 6. d3 Nf6 7. 0-0 0-0 8. Na3 a6 9. Kh1 Qd6 10. Qe1 Bg4 11. e4 Bxf3 12. Bxf3 dxe4 13. dxe4 e5 14. Be3 Rfe8 15. Rd1 Qe6 16. f5 Qxa2 17. Bxc5 Rad8 18. fxg6 hxg6 19. Qe2 b5 20. Bg2 Rxd1 21. Rxd1 Rd8 22. Rxd8+ Nxd8 23. h3 Ne6 24. Be3 Bf8 25. Nxb5 axb5 26. Qxb5 Qb1+ 27. Kh2 Qe1 28. Qxe5 Ng4+ 29. hxg4 Qxe3 30. b4 Qd3 31. b5 Bd6 32. Qd4 Qxg3+ 0-1

[Event "Seville op 37th"]
[Site "Seville"]
[Date "2012.01.15"]
[Round "9"]
[White "Morales Araujo, Francisco Javier"]
[Black "Burgos Figueroa, Carlos Ernesto"]
[Result "0-1"]
[WhiteElo "2112"]
[BlackElo "2289"]
[PlyCount "68"]
[EventDate "2012.01.07"]
[EventType "swiss"]
[EventRounds "9"]
[EventCountry "ESP"]
[SourceTitle "CBM 146 Extra"]
[Source "ChessBase"]
[SourceDate "2012.02.29"]
[SourceVersion "1"]
[SourceVersionDate "2012.02.29"]
[SourceQuality "1"]

1. d4 Nf6 2. c4 c5 3. d5 b5 4. cxb5 a6 5. Nc3 axb5 6. e4 b4 7. Nb5 d6 8. Bf4 Nxe4 9. Qe2 g5 10. Qxe4 gxf4 11. Bc4 Bg7 12. Ne2 Qb6 13. Nxf4 Nd7 14. Ne6 fxe6 15. dxe6 Ne5 16. Nxd6+ exd6 17. Qxa8 Ke7 18. Qe4 Nxc4 19. Qxc4 Qa6 20. Qf4 Bxe6 21. Qd2 Rf8 22. f3 Rf5 23. Kf2 Bd4+ 24. Kg3 Qa8 25. h4 Qg8+ 26. Kh2 Be5+ 27. Kg1 Rxf3 28. Qg5+ Qxg5 29. hxg5 Bd4+ 30. Kh2 Rf5 31. Raf1 Rxg5 32. b3 h5 33. Re1 h4 34. Rhf1 Be5+ 0-1

[Event "Seville op 37th"]
[Site "Seville"]
[Date "2012.01.12"]
[Round "6"]
[White "Morales Araujo, Francisco Javier"]
[Black "Fernandez Romero, Ernesto"]
[Result "0-1"]
[WhiteElo "2112"]
[BlackElo "2471"]
[PlyCount "86"]
[EventDate "2012.01.07"]
[EventType "swiss"]
[EventRounds "9"]
[EventCountry "ESP"]
[SourceTitle "CBM 146 Extra"]
[Source "ChessBase"]
[SourceDate "2012.02.29"]
[SourceVersion "1"]
[SourceVersionDate "2012.02.29"]
[SourceQuality "1"]

1. d4 Nf6 2. c4 e6 3. Nc3 Bb4 4. f3 c5 5. a3 Bxc3+ 6. bxc3 Nc6 7. e3 d6 8. Nh3 e5 9. Nf2 0-0 10. d5 Na5 11. Bd3 b6 12. Rb1 Ba6 13. Qe2 e4 14. Nxe4 Nxe4 15. Bxe4 Bxc4 16. Qc2 Qh4+ 17. g3 Qh5 18. g4 Qh3 19. Kf2 g6 20. Bb2 Qh4+ 21. Kg1 Rae8 22. Qf2 Qxf2+ 23. Kxf2 Rxe4 24. fxe4 Bd3 25. Rbd1 Bxe4 26. Rhg1 Nc4 27. Bc1 Re8 28. g5 Re5 29. Rg4 b5 30. Rxe4 Rxe4 31. Kf3 Re8 32. e4 Kf8 33. Bf4 Ke7 34. Ra1 a5 35. Ke2 f5 36. exf5 gxf5 37. h4 Kf7+ 38. Kf3 Rb8 39. Re1 b4 40. axb4 axb4 41. cxb4 cxb4 42. Ke2 Re8+ 43. Kd1 Nb2+ 0-1

[Event "Seville op 37th"]
[Site "Seville"]
[Date "2012.01.11"]
[Round "5"]
[White "Rzayev, Bahruz Iqbal Oglu"]
[Black "Morales Araujo, Francisco Javier"]
[Result "0-1"]
[WhiteElo "2308"]
[BlackElo "2112"]
[PlyCount "112"]
[EventDate "2012.01.07"]
[EventType "swiss"]
[EventRounds "9"]
[EventCountry "ESP"]
[SourceTitle "CBM 146 Extra"]
[Source "ChessBase"]
[SourceDate "2012.02.29"]
[SourceVersion "1"]
[SourceVersionDate "2012.02.29"]
[SourceQuality "1"]

1. e4 e6 2. b3 d5 3. Bb2 dxe4 4. Nc3 f5 5. f3 Bd6 6. g3 exf3 7. Nxf3 Nf6 8. Bc4 0-0 9. Qe2 Re8 10. 0-0-0 c6 11. Rhg1 b5 12. Bd3 e5 13. Ng5 h6 14. h4 hxg5 15. hxg5 Ng4 16. Ne4 fxe4 17. Qxe4 Qxg5 18. Rdf1 Nf6 19. Rxf6 gxf6 20. Qh7+ Kf8 21. Bg6 Be6 22. Bxe8 Qg7 23. Qd3 Bc5 24. Bh5 Na6 25. Rf1 Nb4 26. Qe2 Kg8 27. a3 Nd5 28. Bf3 Rd8 29. Kb1 Ne7 30. d3 Bd4 31. Bc1 Nd5 32. Bxd5 Bxd5 33. Qh5 Bf7 34. Qh4 Rd6 35. Bh6 Qg6 36. Rh1 Bd5 37. Rh3 Rd7 38. Bg5 Rh7 39. Qxh7+ Qxh7 40. Rxh7 Kxh7 41. Bxf6 Kg6 42. Bd8 Bc3 43. g4 Bf3 44. g5 Bd2 45. Bc7 Bf4 46. d4 Kxg5 47. dxe5 Kf5 48. Bb8 a6 49. Ka2 Bxe5 50. Ba7 Bc3 51. a4 b4 52. Be3 Ke4 53. Bh6 Bg4 54. Bf8 Bf3 55. Bc5 Be2 56. Kb1 Bd1 0-1

[Event "Seville op 33rd"]
[Site "Seville"]
[Date "2008.01.08"]
[Round "5"]
[White "Morales Araujo, Francisco Javier"]
[Black "Lanzani, Mario"]
[Result "0-1"]
[WhiteElo "2145"]
[BlackElo "2349"]
[PlyCount "50"]
[EventDate "2008.01.05"]
[EventType "swiss"]
[EventRounds "9"]
[EventCountry "ESP"]
[SourceTitle "CBM 122 Extra"]
[Source "ChessBase"]
[SourceDate "2008.03.04"]
[SourceVersion "1"]
[SourceVersionDate "2008.03.04"]
[SourceQuality "1"]

1. f4 Nf6 2. Nf3 d5 3. g3 g6 4. Bg2 Bg7 5. c3 0-0 6. 0-0 Nc6 7. d3 Qd6 8. Qc2 a5 9. a4 e5 10. fxe5 Nxe5 11. Bf4 Qb6+ 12. Kh1 Neg4 13. e4 dxe4 14. dxe4 Ne3 15. Bxe3 Qxe3 16. Nbd2 Ng4 17. Nb3 Qb6 18. Nbd4 Ne3 19. Qf2 Nxf1 20. Rxf1 Bg4 21. Ng5 h6 22. Qf4 hxg5 23. Qxg4 Bxd4 24. cxd4 Qxd4 25. Qxg5 Rfe8 0-1

[Event "Coria del Rio op 12th"]
[Site "Coria del Rio"]
[Date "2006.02.14"]
[Round "7"]
[White "Morales Araujo, Francisco Javier"]
[Black "Perez Garcia, Roberto"]
[Result "1/2-1/2"]
[WhiteElo "2102"]
[BlackElo "2180"]
[PlyCount "51"]
[EventDate "2006.02.08"]
[EventType "swiss"]
[EventRounds "7"]
[EventCountry "ESP"]
[SourceTitle "CBM 110 Extra"]
[Source "ChessBase"]
[SourceDate "2006.03.10"]
[SourceVersion "2"]
[SourceVersionDate "2006.03.10"]
[SourceQuality "1"]

1. f4 d5 2. Nf3 g6 3. c3 Bg7 4. g3 c6 5. Bg2 Qb6 6. d4 Nd7 7. Nbd2 Ndf6 8. Ne5 Nh6 9. e4 dxe4 10. Nxe4 Nxe4 11. Bxe4 0-0 12. 0-0 Nf5 13. Nc4 Qc7 14. g4 Be6 15. Ne5 Nd6 16. Bc2 f6 17. Nd3 b6 18. Qe2 Bc4 19. f5 Qd7 20. b3 Bf7 21. Nf4 gxf5 22. gxf5 Nxf5 23. Qg4 e6 24. Nxe6 Bxe6 25. Bxf5 Rae8 26. Ba3 1/2-1/2